Court of Appeal Criminal Appeal No. 65/98 Kasibante Yahaya Vs Uganda. (Record no. 3017)
[ view plain ]
| 000 -LEADER | |
|---|---|
| fixed length control field | 00500nam a22001097a 4500 |
| 008 - FIXED-LENGTH DATA ELEMENTS--GENERAL INFORMATION | |
| fixed length control field | 110615t xxu||||| |||| 00| 0 eng d |
| 010 ## - LIBRARY OF CONGRESS CONTROL NUMBER | |
| LC control number | CACAF-42 |
| 245 ## - TITLE STATEMENT | |
| Title | Court of Appeal Criminal Appeal No. 65/98 Kasibante Yahaya Vs Uganda. |
| 260 ## - PUBLICATION, DISTRIBUTION, ETC. (IMPRINT) | |
| Date of publication, distribution, etc | 1998 |
| 500 ## - GENERAL NOTE | |
| General note | CORAM: Hon.Mr. Justice G.M. Okello, JA. Hon. Mr. Justice A. Twinomujuni, JA. Hon. Lady Justice C.N.B. Kitumba, JA. |
| 500 ## - GENERAL NOTE | |
| General note | Appeal from the judgment of the High Court S.B. Bossa ,J. at Mubende on 23/November 1998 in C.S.C No. 110 of 1997. |
| Withdrawn status | Lost status | Source of classification or shelving scheme | Damaged status | Koha normalized classification for sorting | Not for loan | Location (home branch) | Sublocation or collection (holding branch) | Shelving location | Date acquired | Koha issues (times borrowed) | Koha full call number | Piece designation (barcode) | Koha date last seen | Price effective from | Koha item type | Public note |
|---|---|---|---|---|---|---|---|---|---|---|---|---|---|---|---|---|
| Dewey Decimal Classification | CACAF__42 | Law Development Centre Main Library | Law Development Centre Main Library | Law Reports | 06/15/2011 | CACAF_42 | 65/1998/1 | 06/15/2011 | 06/15/2011 | Un Reported Cases | JUDGEMENT WAS ENTERED ON 12TH MAY OF 1999 | |||||
| Dewey Decimal Classification | CACAF__42 | Law Development Centre Main Library | Law Development Centre Main Library | Law Reports | 06/15/2011 | CACAF_42 | 65/1998/2 | 06/15/2011 | 06/15/2011 | Un Reported Cases | JUDGEMENT WAS ENTERED ON 12TH MAY OF 1999 |
